00454nam a2200181Ia 4500003000900000008004100009040001300050040001300063041000800076100002000084245011100104250000900215260000900224260000900233300001200242300001200254490000600266IT-RoPAU120407s9999 xx 000 0 und d aIT-RoPAU cIT-RoPAU afra aPietro Barbieri aGuide de l’Italie catholique avec une étude de la doctrine, de l’histoire e de l’art de l’Eglise aRoma aEdas c1950 a1388 p. c17,5 cm v1